000 01015nam a2200277Ia 4500
001 Para_10268
003 CHAP
008 220125sDici xx 000 0 und d
010 _a208957
040 _cCHAP
090 _aPA CD - TESIS 297
100 _aHernández Camacho, Héctor Misely
_9126644
245 _aEvaluación de enfermedades en 15 genotipos de frijol (Phaseolus vulgaris L.) en Chapingo, México /
_c Hernández Camacho, Héctor Misely: Director Guillermo Mondragón Pedrero
260 _aChapingo, Méx. :
_b el autor
300 _a1 CDS ROM (58 p.)
502 _aTesis (Ing. Agr. Esp. en Parasitología Agrícola). UACh. Departamento Parasitología Agrícola
700 _aMondragón Pedrero, Guillermo. Director
_9175139
710 _aUACh. Departamento Parasitología Agrícola
_9164025
901 _aPA CD - TESIS 297
902 _aM
905 _a513220Diciembre, 2013 abnm8100000000 06
910 _aDici
942 _cPARA
942 _cPARA
_d2
999 _c208957
_d208957